Every Single Town in California - Statistics

General Stats
  • This quiz has been taken 654 times
  • The average score is 69 of 483
Answer Stats
Hint Town % Correct
Los Angeles
82%
San Diego
76%
San Francisco
76%
Sacramento
68%
San Jose
66%
Anaheim
64%
Bakersfield
62%
Oakland
61%
Santa Barbara
59%
Fresno
58%
Long Beach
55%
Riverside
52%
Berkeley
47%
Orange
47%
Santa Monica
47%
Pasadena
46%
Santa Cruz
46%
Eureka
45%
Santa Ana
44%
Santa Clara
44%
Compton
43%
Palm Springs
43%
San Bernardino
43%
Irvine
41%
Monterey
41%
Fremont
40%
Redding
40%
Beverly Hills
39%
Huntington Beach
38%
Oxnard
38%
Stockton
38%
Ventura
38%
Burbank
37%
Palo Alto
37%
San Luis Obispo
37%
Malibu
36%
Glendale
35%
Modesto
35%
Santa Clarita
35%
Santa Rosa
35%
Chula Vista
34%
Oceanside
34%
Carlsbad
33%
Corona
33%
Daly City
33%
Davis
33%
Napa
33%
Alameda
32%
Chico
32%
Pomona
32%
Salinas
32%
San Mateo
32%
Santa Maria
32%
Merced
31%
Palmdale
31%
Ontario
30%
Chino
29%
Fullerton
29%
Lancaster
29%
Rancho Cucamonga
27%
Temecula
27%
Escondido
26%
Fontana
26%
Inglewood
26%
Newport Beach
26%
Palm Desert
26%
Thousand Oaks
26%
Vallejo
26%
Indio
25%
Redwood City
25%
Antioch
24%
Concord
24%
Costa Mesa
24%
Cupertino
24%
Richmond
24%
Simi Valley
24%
Downey
23%
El Cajon
23%
Folsom
23%
Gilroy
23%
Vacaville
23%
Visalia
23%
Alhambra
22%
Barstow
22%
Fairfield
22%
Garden Grove
22%
Laguna Beach
22%
Roseville
22%
San Rafael
22%
South San Francisco
22%
Torrance
22%
Victorville
22%
Bell
21%
Calabasas
21%
Carson
21%
Hayward
21%
San Fernando
21%
Sonoma
21%
South Lake Tahoe
21%
Carmel-by-the-Sea
20%
Culver City
20%
Elk Grove
20%
San Clemente
20%
Arcadia
19%
Coachella
19%
Covina
19%
Crescent CIty
19%
Imperial
19%
Moreno Valley
19%
Mountain View
19%
San Marcos
19%
West Covina
19%
West Hollywood
19%
Yorba Linda
19%
Calexico
18%
Chino Hills
18%
Dublin
18%
El Monte
18%
Half Moon Bay
18%
Hemet
18%
Livermore
18%
Redlands
18%
Redondo Beach
18%
Sunnyvale
18%
Walnut
18%
Brentwood
17%
Clovis
17%
Hesperia
17%
Pleasanton
17%
San Leandro
17%
Whittier
17%
Apple Valley
16%
Claremont
16%
Coronado
16%
Lincoln
16%
Manhattan Beach
16%
Mission Viejo
16%
San Juan Capistrano
16%
Sausalito
16%
Yreka
16%
Yuba City
16%
Auburn
15%
California City
15%
Camarillo
15%
Danville
15%
El Centro
15%
Encinitas
15%
Los Gatos
15%
Milpitas
15%
Murrieta
15%
Petaluma
15%
San Gabriel
15%
Truckee
15%
Tulare
15%
Walnut Creek
15%
Weed
15%
Albany
14%
Atherton
14%
Benicia
14%
Blythe
14%
Brea
14%
Buena Park
14%
Dana Point
14%
Del Mar
14%
Fort Bragg
14%
Needles
14%
Norwalk
14%
Ojai
14%
San Ramon
14%
Tracy
14%
Union City
14%
Watsonville
14%
Azusa
13%
Bellflower
13%
Bell Gardens
13%
Bishop
13%
Campbell
13%
Citrus Heights
13%
El Cerrito
13%
Hawthorne
13%
Jurupa Valley
13%
Lakewood
13%
Lompoc
13%
Menlo Park
13%
Placerville
13%
Rialto
13%
San Dimas
13%
Tustin
13%
Vista
13%
Anderson
12%
Arcata
12%
Baldwin Park
12%
Belmont
12%
Brawley
12%
Burlingame
12%
Cerritos
12%
East Palo Alto
12%
Emeryville
12%
Jackson
12%
Los Altos
12%
Madera
12%
Poway
12%
San Bruno
12%
San Carlos
12%
Twentynine Palms
12%
Ukiah
12%
Aliso Viejo
11%
Avalon
11%
Big Bear Lake
11%
Calistoga
11%
Colton
11%
Commerce
11%
Diamond Bar
11%
El Segundo
11%
Fountain Valley
11%
Gardena
11%
Healdsburg
11%
Hermosa Beach
11%
Hollister
11%
King City
11%
Lafayette
11%
Laguna Niguel
11%
La Mesa
11%
La Quinta
11%
Lodi
11%
Manteca
11%
Mill Valley
11%
National City
11%
Novato
11%
Pacifica
11%
Paradise
11%
Pismo Beach
11%
Rocklin
11%
San Joaquin
11%
Seal Beach
11%
South Gate
11%
Tiburon
11%
Turlock
11%
Upland
11%
West Sacramento
11%
Woodland
11%
Banning
10%
Clearlake
10%
Fortuna
10%
Foster City
10%
Hanford
10%
Huntington Park
10%
Lake Elsinore
10%
Martinez
10%
Rancho Cordova
10%
Rancho Palos Verdes
10%
Adelanto
9%
Agoura Hills
9%
Alturas
9%
American Canyon
9%
Angels Camp
9%
Artesia
9%
Beaumont
9%
Cathedral City
9%
Colusa
9%
Corning
9%
Cypress
9%
Delano
9%
Desert Hot Springs
9%
Duarte
9%
Glendora
9%
Goleta
9%
Grass Valley
9%
Imperial Beach
9%
Laguna Hills
9%
Lake Forest
9%
La Mirada
9%
Los Banos
9%
Menifee
9%
Orinda
9%
Pleasant Hill
9%
Rohnert Park
9%
San Pablo
9%
Saratoga
9%
Sonora
9%
Arvin
8%
Atascadero
8%
Atwater
8%
Belvedere
8%
Brisbane
8%
Buellton
8%
Coalinga
8%
Colma
8%
Corcoran
8%
Corte Madera
8%
Dunsmuir
8%
Fairfax
8%
Galt
8%
Hawaiian Gardens
8%
Highland
8%
Industry
8%
La Habra
8%
La Verne
8%
Loma Linda
8%
Monrovia
8%
Montebello
8%
Moraga
8%
Mount Shasta
8%
Nevada City
8%
Norco
8%
Paso Robles
8%
Perris
8%
Piedmont
8%
Porterville
8%
Red Bluff
8%
San Anselmo
8%
Solvang
8%
Susanville
8%
Yucaipa
8%
Arroyo Grande
7%
Biggs
7%
Bradbury
7%
Capitola
7%
Carpinteria
7%
Chowchilla
7%
Cotati
7%
Cudahy
7%
Dixon
7%
Eastvale
7%
Exeter
7%
Fillmore
7%
Greenfield
7%
Hillsborough
7%
Indian Wells
7%
Kingsburg
7%
La Cañada Flintridge
7%
Lynwood
7%
Mammoth Lakes
7%
Marina
7%
Marysville
7%
Millbrae
7%
Morgan Hill
7%
Morro Bay
7%
Newark
7%
Oroville
7%
Pacific Grove
7%
Paramount
7%
Placentia
7%
Portola
7%
Ridgecrest
7%
Rosemead
7%
San Jacinto
7%
San Marino
7%
Santa Paula
7%
Santee
7%
Solana Beach
7%
Williams
7%
Woodside
7%
Amador City
6%
Blue Lake
6%
Calimesa
6%
Calipatria
6%
Ceres
6%
Clayton
6%
Cloverdale
6%
Colfax
6%
Dinuba
6%
Etna
6%
Farmersville
6%
Ferndale
6%
Gonzales
6%
Guadalupe
6%
Gustine
6%
Hercules
6%
Irwindale
6%
Laguna Woods
6%
La Puente
6%
Los Altos Hills
6%
Maricopa
6%
Montclair
6%
Monterey Park
6%
Orland
6%
Palos Verdes Estates
6%
Pico Rivera
6%
Rancho Mirage
6%
Sierra Madre
6%
Signal Hill
6%
Soledad
6%
South Pasadena
6%
St. Helena
6%
Tehachapi
6%
Willits
6%
Windsor
6%
Winters
6%
Yountville
6%
Yucca Valley
6%
Avenal
5%
Canyon Lake
5%
Dorris
5%
Escalon
5%
Firebaugh
5%
Fort Jones
5%
Fowler
5%
Grand Terrace
5%
Ione
5%
Kerman
5%
La Habra Heights
5%
Lakeport
5%
La Palma
5%
Larkspur
5%
Lomita
5%
McFarland
5%
Mendota
5%
Moorpark
5%
Patterson
5%
Pinole
5%
Portola Valley
5%
Ross
5%
Santa Fe Springs
5%
Scotts Valley
5%
Selma
5%
Shasta Lake
5%
South El Monte
5%
Suisun
5%
Taft
5%
Temple City
5%
Trinidad
5%
Vernon
5%
Del Rey Oaks
4%
Gridley
4%
Grover Beach
4%
Huron
4%
Isleton
4%
Lathrop
4%
Lawndale
4%
Lemon Grove
4%
Lemoore
4%
Loomis
4%
Los Alamitos
4%
Maywood
4%
Oakdale
4%
Oakley
4%
Plymouth
4%
Rio Vista
4%
Sand City
4%
Sanger
4%
San Juan Bautista
4%
Sebastopol
4%
Wasco
4%
Westlake Village
4%
Westminister
4%
Wheatland
4%
Woodlake
4%
Dos Palos
3%
Holtville
3%
Live Oak
3%
Livingston
3%
Orange Cove
3%
Point Arena
3%
Port Hueneme
3%
Reedley
3%
Rio Dell
3%
Ripon
3%
Rolling Hills
3%
Rolling Hills Estates
3%
Seaside
3%
Shafter
3%
Stanton
3%
Sutter Creek
3%
Tehama
3%
Tulelake
3%
Villa Park
3%
Westmorland
3%
Wildomar
3%
Willows
3%
Hidden Hlls
2%
Hughson
2%
Lindsay
2%
Loyalton
2%
Montague
2%
Monte Sereno
2%
Newman
2%
Parlier
2%
Riverbank
2%
Waterford
2%
Manhattan Lakes
1%
Pittburg
1%
Rancho Santo Margarita
1%
No matching quizzes found
Score Distribution
Percent of People with Each Score
Percentile by Number Answered
Your Score History
You have not taken this quiz